Lineamientos de adaptación al cambio climático del área insular del Distrito de Cartagena de Indias. (Registro nro. 9101)

Detalles MARC
000 -CABECERA
Campo de control 01129nam a22002777a 4500
005 - FECHA Y HORA DE LA ULTIMA TRANSACCION
Campo de control 20160216020002.0
008 - ELEMENTOS DE LONGITUD FIJA—INFORMACION GENERAL
Campo de control 150320b2014 ck |||||r|||| 00| 0 eng d
020 ## - ISBN
ISBN 9789588448626
040 ## - FUENTE DE CATALOGACIÓN
Agencia catalogadora original CO-BoIAVH
Agencia transcriptora CO-BoIAVH
041 ## - IDIOMA
Código de idioma para texto/pista de sonido o título separado Español
044 ## - PAÍS DE PUBLICACIÓN
País de publicación Colombia
082 04 - NUMERO DE CLASIFICACION DECIMAL DEWEY
Número de clasificación 304.25
Número del ítem A34l2
110 ## - ASIENTO PRINCIPAL--NOMBRE CORPORATIVO
Nombre corporativo o de jurisdicción como elemento de entrada Colombia.
Unidad subordinad Alcaldía de Cartagena
245 00 - MENCION DE TITULO
Título Lineamientos de adaptación al cambio climático del área insular del Distrito de Cartagena de Indias.
260 ## - PUBLICACION, DISTRIBUCION, ETC. (PIE DE IMPRENTA)
Lugar de publicación, distribución, etc. Santa Marta:
Nombre del editor, distribuidor, etc. Invemar,
-- Ministerio de Ambiebte y Desarrollo Sostenible,
-- Alcandía de Cartagena,
-- CDKN,
Fecha de publicación, distribución, etc. 2014.
300 ## - DESCRIPCION FISICA
Extensión 56 p.
Otros detalles físicos fotografías a color, tablas, mapas
Dimensiones 29 cm.
490 ## - MENCION DE SERIE
Mención de serie Publicaciones Generales del Invemar
Designación numérica/secuencial del volumen No. 64
504 ## - NOTA DE BIBLIOGRAFIA, ETC.
Nota de bibliografía Incluye referencias bibliográficas (pag. 52)
650 #0 - ASIENTO SECUNDARIO DE MATERIA - TERMINO TEMATICO
Término temático o nombre geográfico como elemento de entrada Cambio climático
Subdivisión general ciudades costeras
650 #0 - ASIENTO SECUNDARIO DE MATERIA - TERMINO TEMATICO
Término temático o nombre geográfico como elemento de entrada Cambio climático
Subdivisión general Aspectos ambientales
650 #0 - ASIENTO SECUNDARIO DE MATERIA - TERMINO TEMATICO
Término temático o nombre geográfico como elemento de entrada Cambio climático
Subdivisión general planificación territorial
651 ## - ASIENTO SECUNDARIO DE MATERIA - NOMBRE GEOGRAFICO
Nombre geográfico Colombia
Subdivisión geográfica Distrito de Cartagena
710 2# - ASIENTO SECUNDARIO - NOMBRE CORPORATIVO
Nombre corporativo o de jurisdicción como elemento de entrada Invemar
711 ## - ASIENTO SECUNDARIO - NOMBRE DE REUNION
Nombre de la reunión o nombre de la jurisdicción como elemento de entrada Alianza Clima y Desarrollo CDKN
942 ## - ELEMENTOS ADICIONALES (KOHA)
Sistema de clasificación Dewey Decimal Classification
Tipo de ítem Libro
Koha issues (borrowed), all copies 1
Existencias
Withdrawn status Lost status Sistema de Clasificación Damaged status No para préstamo Colección Inventariado Ubicación Permanente Ubicación actual Fecha de adquisición Fuente de Valor Valor Total Checkouts Número topográfico Inventario / Código de Barras Date last seen Ejemplar Price effective from Forma de adquisición Tipo de material Date checked out
    Dewey Decimal Classification     General Inventariado 2017 Bogotá Bogotá 20/03/2015 Instituto 39000.00   LB-304.25 A34l2 038962 20/03/2015 Ej. 1 20/03/2015 Canje Libro  
    Dewey Decimal Classification     General Inventariado 2017 Bogotá Bogotá 19/06/2015 Instituto 39000.00 1 LB-304.25 A34l2 039083 15/02/2016 Ej. 2 19/06/2015 Canje Libro 15/02/2016
    Dewey Decimal Classification     General Inventariado 2017 Sala Fabio Quevedo Sala Fabio Quevedo 19/06/2015 Instituto 39000.00   LB-304.25 A34l2 039086 19/06/2015 Ej. 3 19/06/2015 Canje Libro